| 000 | 00726nam a2200205Ia 4500 | ||
|---|---|---|---|
| 001 | 14628 | ||
| 003 | GE_BSU | ||
| 008 | 181216s||||||||xx |||||||||||||| ||und|| | ||
| 040 | _cGE_BSU | ||
| 080 | _a821.353.1-32 | ||
| 100 | _aლორთქიფანიძე,ნიკო | ||
| 245 | _aერთტომეული. [მოთხრობები] | ||
| 245 | _cშემდგ.ჯ.ღვინჯილია. რედ.ლ.არაბიძე. მხატვ. თ. სამსონაძე | ||
| 260 | _aთბილისი | ||
| 260 | _bმერანი | ||
| 260 | _c1981 | ||
| 300 | _a406გვ.22სმ. | ||
| 653 | _aერთტომეული. [მოთხრობები] | ||
| 942 | _cBK | ||
| 999 |
_c47756 _d47756 |
||